000 00906cab a2200253 4500
001 ABS54869
008 090401t1996 xxu||||| |||| 00| 0 eng d
035 _a(Sirsi) u12656
041 _aeng
100 _aRemer, D.
245 _aCost scale-up factors for airport construction
260 _c1996
350 _a0
490 _aCost Engineering
_v38(2) February 1996, 24-26(3)
520 _aUses the example of an airport terminal expansion to demonstrate a cost-estimating technique based on known costs where the emphasis is on providing a quick estimate rather than accuracy. Table of worldwide airport costs. Formulae. References.
650 _aAIRPORT TERMINALS
650 _aBUILT ENVIRONMENT-BUILDING COSTS
650 _aESTIMATING TECHNIQUES
650 _aSCALE-UP ESTIMATING
690 _aBUILT ENVIRONMENT-BUILDING COSTS
700 _aWong, C.
942 _n0
948 _c04/03/1997
999 _c8096
_d8096